UBT Library

Human development and the environment (Record no. 206)

000 -LEADER
fixed length control field 01130cam a2200265 a 4500
005 - DATE AND TIME OF LATEST TRANSACTION
control field 20131029102817.0
008 - FIXED-LENGTH DATA ELEMENTS--GENERAL INFORMATION
fixed length control field 020503s2002 enkab sb 101 0 eng
020 ## - INTERNATIONAL STANDARD BOOK NUMBER
Cancelled/invalid ISBN 9280810693
041 0# - LANGUAGE CODE
Language code of text/sound track or separate title eng
080 ## - UNIVERSAL DECIMAL CLASSIFICATION NUMBER
Universal Decimal Classification number 304
245 00 - TITLE STATEMENT
Title Human development and the environment
Statement of responsibility, etc edited by Hans van Ginkel ... [et al.].
260 ## -
-- Tokyo ;
-- [Great Britain] :
-- United Nations University Press,
-- c2002.
300 ## -
-- ix, 313 p. :
-- ill., maps ;
-- 24 cm.
490 1# -
-- UNU millennium series
500 ## -
-- Proceedings of a United Nations University conference entitled "On the Threshold of the New Millennium", held in Tokyo on 19-21 January 2000 - p. 1.
504 ## - BIBLIOGRAPHY, ETC. NOTE
Bibliography, etc Includes bibliographical references and index.
650 #0 -
-- Ekologjia humane
-- Kongreset
650 #0 -
-- Problemet sociale
-- Kongreset
655 #7 -
-- Electronic books.
700 1# -
-- Ginkel, J. A. van.
710 2# -
-- ebrary, Inc.
830 #0 -
-- UNU millennium series.
856 40 -
-- http://www.columbia.edu/cgi-bin/cul/resolve?clio5381974
-- Click here for full text.
942 ## - ADDED ENTRY ELEMENTS (KOHA)
Source of classification or shelving scheme
Item type Books
Holdings
Withdrawn status Lost status Source of classification or shelving scheme Damaged status Not for loan Collection code Permanent location Current location Shelving location Date acquired Total Checkouts Full call number Barcode Date last seen Koha item type
          Koleksioni i përgjithshem UBT - Prishtine UBT - Prishtine Koleksioni i përgjithshem 10/29/2013   304 HUM 001-000233 10/29/2013 Books
UBT Library © 2015-2024. All rights reserved University Education for Business and Technology